00960nam a2200241Ia 450000100060000000300090000600800410001504000130005604000130006904100130008210000110009510000290010624500340013524500340016925000110020326000110021426000150022526000490024030000430028950003270033265000280065965000310068723387IT-RoPAU130308s9999 xx 000 0 und d aIT-RoPAU cIT-RoPAU aITALIANO aAA.VV. gCodice Aut. SPICS: 12000 aRaffaello Matarazzo-Materiali bRaffaello Matarazzo-Materiali a1a ed. aSAVONA bMovie Club c1976 [1° Ed.:1976 - Ed.Ling.Originale:1976] a"112 p. (prefazione: no ; testo: 112)" aBiofilmografia di Raffaello Amatarazzo Testi Crtici su Raffaello Matarazzofunzionamento e Genesi del Cinema Popolare Raffaello Matarazzo Il neorealismo Popolare e Amedeo Nazzari Matarazzo e la farsa Cinematografica Matarazzo e Il neorealismo Rosa interviste a Raffaello Matarazzo Testimonianze e Dichiarazioni su Matarazzo aAUTORI/OPERE DEL CINEMA eCodice materia Spics: 6807